LEADER 01542oam 2200445zu 450 001 996218176603316 005 20210807004638.0 010 $a1-4673-2862-6 010 $a1-4673-2861-8 035 $a(CKB)3420000000000911 035 $a(SSID)ssj0000821387 035 $a(PQKBManifestationID)12319930 035 $a(PQKBTitleCode)TC0000821387 035 $a(PQKBWorkID)10872073 035 $a(PQKB)11104218 035 $a(EXLCZ)993420000000000911 100 $a20160829d2012 uy 101 0 $aeng 181 $ctxt 182 $cc 183 $acr 200 10$a2012 IEEE Twelfth International Conference on Peer-To-Peer Computing 210 31$a[Place of publication not identified]$cIEEE$d2012 300 $aBibliographic Level Mode of Issuance: Monograph 311 $a1-4673-2860-X 606 $aPeer-to-peer architecture (Computer networks)$vCongresses 606 $aElectrical & Computer Engineering$2HILCC 606 $aEngineering & Applied Sciences$2HILCC 606 $aTelecommunications$2HILCC 615 0$aPeer-to-peer architecture (Computer networks) 615 7$aElectrical & Computer Engineering 615 7$aEngineering & Applied Sciences 615 7$aTelecommunications 712 02$aInstitute of Electrical and Electronics Engineers 712 12$aInternational Conference on Peer-to-Peer Computing 801 0$bPQKB 906 $aPROCEEDING 912 $a996218176603316 996 $a2012 IEEE Twelfth International Conference on Peer-To-Peer Computing$92501569 997 $aUNISA